[Event "GBR-ch 108th"]
[Site "Torquay"]
[Date "2022.08.19"]
[Round "7"]
[White "Mulay, Partha"]
[Black "Walker, Martin Graham"]
[Result "1/2-1/2"]
[WhiteElo "1822"]
[BlackElo "2135"]
[PlyCount "94"]
[EventDate "2022.08.13"]
[EventType "swiss"]
[EventRounds "9"]
[EventCountry "ENG"]
[SourceTitle "CBM 209 Extra"]
[Source "ChessBase"]
[SourceDate "2022.09.30"]
[SourceVersion "1"]
[SourceVersionDate "2022.09.30"]
[SourceQuality "1"]

1. Nf3 d5 2. c4 e6 3. g3 Nf6 4. Bg2 Be7 5. 0-0 0-0 6. d4 c6 7. b3 Nbd7 8. Bb2 Re8 9. Nc3 Nf8 10. Re1 Ng6 11. e4 Bb4 12. e5 Ne4 13. Nxe4 Bxe1 14. Qxe1 dxe4 15. Qxe4 Qa5 16. h4 h6 17. h5 Nf8 18. g4 Nh7 19. Bf1 Rf8 20. g5 Nxg5 21. Nxg5 hxg5 22. Bd3 f5 23. exf6 Qf5 24. fxg7 Qxf2+ 25. Kh1 Qf3+ 26. Qxf3 Rxf3 27. Bg6 e5 28. Kg2 g4 29. h6 Bf5 30. Bxf5 Rxf5 31. Rh1 Kh7 32. Kg3 exd4 33. Bxd4 Rd8 34. Kxg4 Rf7 35. Be3 Re8 36. Rh3 Rf6 37. Kg5 Rg6+ 38. Kf5 b6 39. Bf4 Ree6 40. Bg5 Re2 41. a4 c5 42. Rf3 Re1 43. Bf4 Re7 44. Rd3 Rf7+ 45. Ke5 Re7+ 46. Kf5 Rf7+ 47. Ke5 Re7+ 1/2-1/2

[Event "GBR-ch 108th"]
[Site "Torquay"]
[Date "2022.08.16"]
[Round "4"]
[White "Balaji, Aaravamudhan"]
[Black "Mulay, Partha"]
[Result "1-0"]
[WhiteElo "2194"]
[BlackElo "1822"]
[PlyCount "83"]
[EventDate "2022.08.13"]
[EventType "swiss"]
[EventRounds "9"]
[EventCountry "ENG"]
[SourceTitle "CBM 209 Extra"]
[Source "ChessBase"]
[SourceDate "2022.09.30"]
[SourceVersion "1"]
[SourceVersionDate "2022.09.30"]
[SourceQuality "1"]

1. Nf3 Nf6 2. b3 g6 3. Bb2 Bg7 4. d4 c5 5. dxc5 Qa5+ 6. Nbd2 Qxc5 7. e3 Nc6 8. a3 a5 9. Be2 d5 10. 0-0 0-0 11. Rc1 Rd8 12. c4 Qb6 13. cxd5 Nxd5 14. Bxg7 Kxg7 15. Qc2 f6 16. Qc5 Be6 17. Ne4 Qxc5 18. Nxc5 Bc8 19. Rfd1 b6 20. Na4 Bb7 21. Rxd5 Rxd5 22. Nxb6 Rad8 23. Nxd5 Rxd5 24. h3 f5 25. b4 axb4 26. axb4 Nxb4 27. Rc7 Ba6 28. Bxa6 Nxa6 29. Rxe7+ Kg8 30. Ng5 Nc5 31. Nxh7 Ne4 32. f3 Rd1+ 33. Kh2 Nc3 34. Nf6+ Kf8 35. Rc7 Ne2 36. Nd7+ Kg8 37. h4 Kg7 38. Ne5+ Kh6 39. g4 g5 40. h5 f4 41. Nf7+ Kg7 42. Nxg5+ 1-0

[Event "GBR-ch 108th"]
[Site "Torquay"]
[Date "2022.08.15"]
[Round "3"]
[White "Turner, Max N"]
[Black "Mulay, Partha"]
[Result "1-0"]
[WhiteElo "2247"]
[BlackElo "1822"]
[PlyCount "96"]
[EventDate "2022.08.13"]
[EventType "swiss"]
[EventRounds "9"]
[EventCountry "ENG"]
[SourceTitle "CBM 209 Extra"]
[Source "ChessBase"]
[SourceDate "2022.09.30"]
[SourceVersion "1"]
[SourceVersionDate "2022.09.30"]
[SourceQuality "1"]

1. d4 Nf6 2. c4 g6 3. g3 Bg7 4. Bg2 0-0 5. Nc3 d6 6. Nf3 Nc6 7. 0-0 e5 8. dxe5 dxe5 9. Bg5 Be6 10. Qa4 Qc8 11. Rfd1 Nd7 12. Nd5 e4 13. Nd2 f5 14. Qxc6 bxc6 15. Ne7+ Kf7 16. Nxc8 Raxc8 17. Rab1 h6 18. Be3 a5 19. f3 exf3 20. Nxf3 Rfd8 21. b3 c5 22. Ne1 a4 23. Nd3 axb3 24. axb3 Bd4 25. Bxd4 cxd4 26. c5 Kf6 27. b4 Bc4 28. Rbc1 Bxd3 29. Rxd3 Ne5 30. Ra3 d3 31. Ra6+ Kg7 32. exd3 Nxd3 33. Rb1 Rd4 34. b5 Nxc5 35. Rc6 Nd7 36. Rbc1 Ne5 37. Re6 Nd3 38. Rcc6 g5 39. b6 Rd7 40. Rg6+ Kf7 41. Rxh6 Kg7 42. b7 Re8 43. Rce6 Rb8 44. Reg6+ Kf7 45. Rxg5 Rd6 46. Rxf5+ Ke7 47. Rh7+ Ke6 48. Bh3 Ne5 1-0

[Event "London Classic op"]
[Site "London"]
[Date "2017.12.08"]
[Round "8"]
[White "Mulay, Partha"]
[Black "Perez Bolanos, David"]
[Result "1/2-1/2"]
[WhiteElo "1892"]
[BlackElo "1496"]
[PlyCount "108"]
[EventDate "2017.12.02"]
[EventType "swiss"]
[EventRounds "9"]
[EventCountry "ENG"]
[SourceTitle "CBM 182 Extra"]
[Source "ChessBase"]
[SourceDate "2018.02.23"]
[SourceVersion "1"]
[SourceVersionDate "2018.02.23"]
[SourceQuality "1"]

1. e4 d6 2. d4 g6 3. Nc3 Bg7 4. Nf3 Nf6 5. Bc4 0-0 6. 0-0 Nbd7 7. h3 h6 8. e5 Ne8 9. e6 fxe6 10. Bxe6+ Kh7 11. Re1 c5 12. Nd5 Nc7 13. Nf4 cxd4 14. Nxd4 Rf6 15. Bb3 Nc5 16. Nf3 Nxb3 17. axb3 e5 18. Nxe5 Qf8 19. Nexg6 Rxg6 20. Nxg6 Kxg6 21. Qd3+ Bf5 22. Qg3+ Kh7 23. Bf4 Ne8 24. c3 a6 25. Re2 Rd8 26. Qe3 Nf6 27. Qc1 Qf7 28. Ra5 Bg6 29. b4 Rd7 30. Be3 Nd5 31. Qd2 Nxe3 32. Qxe3 Be5 33. g3 Re7 34. Qd2 Qf5 35. Kh2 Qh5 36. f4 Bf5 37. fxe5 Qxh3+ 38. Kg1 Bg4 39. Qd3+ Bf5 40. Qf3 Bg4 41. Qe4+ Bf5 42. Qf4 Bd3 43. Rf2 Rg7 44. Rg2 Rg4 45. Qf7+ Kh8 46. Qf8+ Kh7 47. Qe7+ Kh8 48. Qf6+ Kh7 49. Qf7+ Kh8 50. Rd5 Be4 51. Rdd2 Bxg2 52. Qf6+ Kh7 53. Qe7+ Kh8 54. Qf8+ Kh7 1/2-1/2

[Event "GBR-ch Major 104th"]
[Site "Llandudno"]
[Date "2017.08.05"]
[Round "8"]
[White "Boswell, Jacob Connor"]
[Black "Mulay, Partha"]
[Result "1-0"]
[WhiteElo "1914"]
[BlackElo "1815"]
[PlyCount "59"]
[EventDate "2017.07.29"]
[EventType "swiss"]
[EventRounds "9"]
[EventCountry "WLS"]
[SourceTitle "CBM 179 Extra"]
[Source "ChessBase"]
[SourceDate "2017.08.23"]
[SourceVersion "1"]
[SourceVersionDate "2017.08.23"]
[SourceQuality "1"]

1. e4 e6 2. d4 d5 3. Nd2 Nf6 4. e5 Nfd7 5. Bd3 c5 6. c3 Nc6 7. Ndf3 Qb6 8. Ne2 cxd4 9. cxd4 Bb4+ 10. Bd2 Bxd2+ 11. Qxd2 0-0 12. 0-0 f6 13. exf6 Nxf6 14. Rfe1 Bd7 15. a4 Na5 16. Ra3 Rac8 17. Ne5 Nc4 18. Bxc4 dxc4 19. Nf4 Bc6 20. Nxe6 Ne4 21. Rxe4 Bxe4 22. Nxf8 Rxf8 23. Nd7 c3 24. Rxc3 Qg6 25. Rg3 Qf5 26. Nxf8 Qxf8 27. h3 Qe8 28. Qg5 Bg6 29. Re3 Qc8 30. Qc5 1-0

[Event "GBR-ch Major 104th"]
[Site "Llandudno"]
[Date "2017.07.29"]
[Round "1"]
[White "Burke, Mitchell R"]
[Black "Mulay, Partha"]
[Result "0-1"]
[WhiteElo "2012"]
[BlackElo "1815"]
[PlyCount "154"]
[EventDate "2017.07.29"]
[EventType "swiss"]
[EventRounds "9"]
[EventCountry "WLS"]
[SourceTitle "CBM 179 Extra"]
[Source "ChessBase"]
[SourceDate "2017.08.23"]
[SourceVersion "1"]
[SourceVersionDate "2017.08.23"]
[SourceQuality "1"]

1. d4 Nf6 2. Bf4 g6 3. e3 Bg7 4. h3 0-0 5. Nf3 d6 6. Be2 c6 7. 0-0 Nbd7 8. c4 Re8 9. Bh2 Qa5 10. Nc3 e5 11. Rb1 a6 12. b4 Qd8 13. dxe5 Nh5 14. Qxd6 Nxe5 15. Bxe5 Qxd6 16. Bxd6 Bxc3 17. Rbc1 Bb2 18. Rcd1 Nf6 19. Rb1 Bc3 20. Rb3 Ne4 21. Bd3 Bg7 22. Bf4 a5 23. Bxe4 Rxe4 24. Rd1 Re8 25. b5 Be6 26. bxc6 bxc6 27. Rc1 a4 28. Rb6 c5 29. Bd6 a3 30. Be5 Ra4 31. Bxg7 Kxg7 32. Nd2 Rd8 33. Rc2 Rc8 34. Kf1 Rb4 35. Rxb4 cxb4 36. Ke2 Kf6 37. f4 h5 38. e4 Ke7 39. Ke3 Rc7 40. Rc1 Rc8 41. Rc2 Kd6 42. Kd4 Kc6 43. Rc1 Rd8+ 44. Ke3 Rc8 45. Nb3 Kb6 46. Nd2 Ka5 47. Rc2 Ka4 48. Kd4 Rd8+ 49. Kc5 Rd3 50. Kb6 b3 51. axb3+ Rxb3+ 52. Ka6 Rb2 53. Rxb2 axb2 54. c5 Ka3 55. Kb7 Ka2 56. f5 gxf5 57. exf5 Bxf5 58. c6 b1Q+ 59. Nxb1 Kxb1 60. c7 Kc1 61. c8Q+ Bxc8+ 62. Kxc8 h4 63. Kd7 Kd2 64. Ke7 Ke3 65. Kxf7 Kf2 66. g4 hxg3 67. h4 g2 68. h5 g1Q 69. h6 Qa1 70. Kg8 Qa8+ 71. Kg7 Qb7+ 72. Kg8 Qc8+ 73. Kg7 Qd7+ 74. Kg8 Qe8+ 75. Kg7 Qe7+ 76. Kh8 Qf6+ 77. Kh7 Qg5 0-1

[Event "London Classic op 8th"]
[Site "London"]
[Date "2016.12.16"]
[Round "9"]
[White "Mulay, Partha"]
[Black "Vachtfeidl, Petr"]
[Result "0-1"]
[WhiteElo "1767"]
[BlackElo "1963"]
[PlyCount "34"]
[EventDate "2016.12.09"]
[EventType "swiss"]
[EventRounds "9"]
[EventCountry "ENG"]
[SourceTitle "CBM 176 Extra"]
[Source "ChessBase"]
[SourceDate "2017.03.02"]
[SourceVersion "1"]
[SourceVersionDate "2017.03.02"]
[SourceQuality "1"]

1. e4 c5 2. Nc3 Nc6 3. f4 e6 4. Nf3 d5 5. Bb5 Nge7 6. exd5 exd5 7. Qe2 f6 8. 0-0 Kf7 9. Re1 a6 10. Bxc6 Nxc6 11. Nxd5 Qxd5 12. Qe8+ Kg8 13. d3 Qf7 14. Qe4 Bd7 15. f5 Re8 16. Qf4 Rxe1+ 17. Nxe1 Qd5 0-1

[Event "London Classic op 7th"]
[Site "London"]
[Date "2015.12.06"]
[Round "4"]
[White "Mulay, Partha"]
[Black "Seymour, Timothy P"]
[Result "0-1"]
[WhiteElo "1780"]
[BlackElo "2080"]
[PlyCount "38"]
[EventDate "2015.12.04"]
[EventType "swiss"]
[EventRounds "9"]
[EventCountry "ENG"]
[SourceTitle "CBM 169 Extra"]
[Source "ChessBase"]
[SourceDate "2015.12.18"]
[SourceVersion "1"]
[SourceVersionDate "2015.12.18"]
[SourceQuality "1"]

1. e4 d5 2. exd5 Nf6 3. d4 Bg4 4. Be2 Bxe2 5. Nxe2 Qxd5 6. 0-0 Nc6 7. Nbc3 Qh5 8. Ng3 Qg6 9. Be3 0-0-0 10. Qe2 e6 11. Rfd1 Ng4 12. d5 Nxe3 13. Qxe3 exd5 14. Rxd5 Bd6 15. Nge4 Be5 16. Rad1 Rde8 17. Qc5 Bxc3 18. Nxc3 Qxc2 19. R5d2 Qxd2 0-1

[Event "BCF-ch U15"]
[Site "Coventry"]
[Date "2015.07.31"]
[Round "6"]
[White "Haridas, Girinath"]
[Black "Mulay, Partha"]
[Result "1-0"]
[WhiteElo "1960"]
[BlackElo "1760"]
[PlyCount "65"]
[EventDate "2015.07.27"]
[EventType "swiss"]
[EventRounds "7"]
[EventCountry "ENG"]
[SourceTitle "CBM 167 Extra"]
[Source "ChessBase"]
[SourceDate "2015.09.14"]
[SourceVersion "1"]
[SourceVersionDate "2015.09.14"]
[SourceQuality "1"]

1. d4 Nf6 2. c4 g6 3. Nc3 Bg7 4. e4 d6 5. f4 0-0 6. Nf3 c5 7. d5 e6 8. dxe6 fxe6 9. Bd3 Nc6 10. 0-0 Nd4 11. Nxd4 cxd4 12. Nb5 Ne8 13. Bd2 a6 14. Na3 Nf6 15. Qe2 e5 16. Rae1 Re8 17. Nc2 Bd7 18. Nb4 Rc8 19. Kh1 Ng4 20. g3 Nf6 21. Nd5 Nxd5 22. cxd5 Qb6 23. f5 gxf5 24. exf5 Rf8 25. f6 Bh3 26. Qh5 Rf7 27. Qxh7+ Kf8 28. fxg7+ Ke7 29. Rxf7+ Kxf7 30. g8N+ Kf8 31. Bh6+ Ke8 32. Bg6+ Kd8 33. Bg5# 1-0

[Event "BCF-ch U15"]
[Site "Coventry"]
[Date "2015.07.27"]
[Round "2"]
[White "Ragavan, Soumiya"]
[Black "Mulay, Partha"]
[Result "1-0"]
[WhiteElo "1389"]
[BlackElo "1760"]
[PlyCount "59"]
[EventDate "2015.07.27"]
[EventType "swiss"]
[EventRounds "7"]
[EventCountry "ENG"]
[SourceTitle "CBM 167 Extra"]
[Source "ChessBase"]
[SourceDate "2015.09.14"]
[SourceVersion "1"]
[SourceVersionDate "2015.09.14"]
[SourceQuality "1"]

1. c4 Nf6 2. Nc3 g6 3. g3 Bg7 4. Bg2 d6 5. e3 Nbd7 6. Nge2 0-0 7. d4 e5 8. 0-0 a6 9. a3 exd4 10. exd4 Rb8 11. b4 Nh5 12. Nf4 Nxf4 13. Bxf4 g5 14. Be3 f5 15. Qd2 h6 16. Rac1 c6 17. Rfe1 Rf7 18. b5 axb5 19. cxb5 Nf6 20. bxc6 bxc6 21. Bxc6 Bb7 22. d5 Ng4 23. Bd4 Bxc6 24. dxc6 Bxd4 25. Qxd4 Ne5 26. Qd5 f4 27. Kh1 f3 28. Ne4 Qc8 29. g4 Qxg4 30. Nf6+ 1-0